Kids' book of cross facts & feats / (Record no. 1296)
[ view plain ]
| 000 -LEADER | |
|---|---|
| fixed length control field | 00952nam a22002537a 4500 |
| 005 - DATE AND TIME OF LATEST TRANSACTION | |
| control field | 20230811124744.0 |
| 020 ## - INTERNATIONAL STANDARD BOOK NUMBER | |
| International Standard Book Number | 9780439653497 |
| 040 ## - CATALOGING SOURCE | |
| Original cataloging agency | FISKH |
| Language of cataloging | eng |
| Transcribing agency | FISKH |
| Modifying agency | FISKH |
| 050 ## - LIBRARY OF CONGRESS CALL NUMBER | |
| Classification number | AG243.S86 |
| 082 ## - DEWEY DECIMAL CLASSIFICATION NUMBER | |
| Classification number | 031.02 |
| 100 ## - MAIN ENTRY--PERSONAL NAME | |
| Personal name | Strasser, Todd |
| 245 ## - TITLE STATEMENT | |
| Title | Kids' book of cross facts & feats / |
| Statement of responsibility, etc. | by Todd Strasser illustrated by Donna Reynolds |
| 250 ## - EDITION STATEMENT | |
| Edition statement | First scholastic printing, January 2004 |
| 260 ## - PUBLICATION, DISTRIBUTION, ETC. | |
| Place of publication, distribution, etc. | New York : |
| Name of publisher, distributor, etc. | Scholastic, |
| Date of publication, distribution, etc. | 1998 |
| 300 ## - PHYSICAL DESCRIPTION | |
| Extent | 94 pages, 1 unnumbered plate : |
| Other physical details | 20 cm. |
| 505 ## - FORMATTED CONTENTS NOTE | |
| Formatted contents note | Q |
| 520 ## - SUMMARY, ETC. | |
| Summary, etc. | Offers facts and anecdotes about the human body, animals, and human behavior, from the number of microorganisms that live in a person's mouth to the world's largest earthworm and the customs of the Massagetae, who killed and ate their elders. |
| 521 ## - TARGET AUDIENCE NOTE | |
| Target audience note | 880 <br/> |
| Source | Lexile |
| 521 ## - TARGET AUDIENCE NOTE | |
| Target audience note | Q <br/> |
| Source | Raz-Plus |
| 650 ## - SUBJECT ADDED ENTRY--TOPICAL TERM | |
| Source of heading or term | fact book |
| 942 ## - ADDED ENTRY ELEMENTS (KOHA) | |
| Source of classification or shelving scheme | Dewey Decimal Classification |
| Koha item type | Books |
| Suppress in OPAC | No |
| 999 ## - | |
| -- | 1296 |
| -- | 1296 |
| Withdrawn status | Lost status | Source of classification or shelving scheme | Damaged status | Not for loan | Collection | Home library | Current library | Shelving location | Date acquired | Total Checkouts | Full call number | Barcode | Date last seen | Copy number | Price effective from | Koha item type |
|---|---|---|---|---|---|---|---|---|---|---|---|---|---|---|---|---|
| Dewey Decimal Classification | Non-Fiction | Footprints International School Library Network Toul Kork Campus | Footprints International School Library Network Toul Kork Campus | A TK Campus, 4th Floor, Room B401, Non-Fiction Bookcases(7-8) | 08/11/2023 | STR 031.02 AG243.S86 | FISTK04948 | 08/11/2023 | 1 | 08/11/2023 | Books | |||||
| Dewey Decimal Classification | Non-Fiction | Footprints International School Library Network Toul Tom Poung Campus | Footprints International School Library Network Toul Tom Poung Campus | TTP Secondary Non-Fiction Bookshelves | 10/09/2025 | STR 031.02 AG243.S86 | 2025-4512 | 10/09/2025 | 2 | 10/09/2025 | Books |
